| 000 | 01063nam a22002055i 4500 | ||
|---|---|---|---|
| 001 | 162680 | ||
| 003 | ES-MaACL | ||
| 005 | 20230906212559.0 | ||
| 008 | 000119s1880 sp |||| | spa d | ||
| 040 |
_aCAM _bspa _cCAM |
||
| 100 | 1 |
_aPuente y Brañas, Ricardo. _994166 |
|
| 245 | 1 | 0 |
_aPascual Bailón _b: zarzuela en un acto y en verso / _coriginal de Ricardo Puente y Brañas ; música de Guillermo Cereceda. |
| 250 | _a4ª ed. | ||
| 260 |
_aMadrid : _b[s.n.], _c1880 ( _fImprenta de José Rodriguez) |
||
| 300 |
_a35 p. ; _c20 cm. |
||
| 500 | _aEn port.: Representada por primera vez en el teatro del Circo, la noche del 15 de octubre de 1868. | ||
| 596 | _aEn verso de port. consta: "... de la Galería Lírico-Dramática titulada El Teatro, de dichos Sres. Hijos de A. Gullón ..." | ||
| 700 | 1 |
_aCereceda, Guillermo ( _d1844-1919) _9126419 |
|
| 852 |
_aES-MaACL _jF-8581(7) _z-- Enc. pasta española. _q-- Falto de la cub. original _z-- Enc. con otras obras formando un vol. facticio formando parte de la col. facticia "Teatro español moderno", vol. 34 |
||
| 999 |
_c162680 _d162680 |
||